000 00583nam a22001817a 4500
003 AM-YeHGA
005 20250617154530.0
008 181022s1956 |||||||| |||| 00| 0 rus d
040 _aAM-YeHGA
041 0 _arus
100 1 _aЧерепанов, Дмитрий.
245 1 0 _aКрутизна :
_bПовесть/
_cДмитрий Черепанов.
260 _aАлма-Ата :
_bКазахское гос.изд-во худ.лит-ры,
_c1956.
300 _a340 с.
653 0 _aХудожественная литература.
942 _2udc
_cBK
090 _c416283
999 _c413972
_d413972